| Tag |
First Indicator |
Second Indicator |
Subfields |
| LEADER |
00000cam a2200000 a 4500 |
| 001 |
in00000001354 |
| 008 |
980807s1998 dcua b f000 0 eng d |
| 005 |
20230309222438.5 |
| 035 |
|
|
|a (OCoLC)39652427
|
| 035 |
|
|
|9 AJB2826AM
|
| 035 |
|
|
|a in00000001354
|
| 040 |
|
|
|d GPO
|d DLC
|d MvI
|d UtOrBLW
|
| 043 |
|
|
|a n-us---
|
| 049 |
|
|
|a UDOC
|a UDOC
|
| 049 |
|
|
|a WWW
|
| 074 |
|
|
|a 0782
|
| 074 |
|
|
|a 0782 (online)
|
| 086 |
0 |
|
|a L 36.102:EQ 2/3
|
| 090 |
|
|
|a HD6061.2.U6
|b E7 1998
|
| 245 |
0 |
0 |
|a Equal pay :
|b a thirty-five year perspective.
|
| 264 |
|
1 |
|a [Washington, D.C.?] :
|b U.S. Dept. of Labor, Women's Bureau,
|c [1998]
|
| 300 |
|
|
|a 64 pages :
|b illustrations ;
|c 28 cm.
|
| 336 |
|
|
|a text
|b txt
|2 rdacontent
|
| 337 |
|
|
|a unmediated
|b n
|2 rdamedia
|
| 338 |
|
|
|a volume
|b nc
|2 rdacarrier
|
| 500 |
|
|
|a "Women make America work"--Cover.
|
| 500 |
|
|
|a Shipping list number: 98-0356-P.
|
| 500 |
|
|
|a "June 10, 1998."
|
| 504 |
|
|
|a Includes bibliographical references (pages 48-49).
|
| 530 |
|
|
|a Also available via Internet from the DOL, Women Bureau web site.
|
| 650 |
|
0 |
|a Equal pay for equal work
|z United States
|x History.
|
| 650 |
|
0 |
|a Women
|x Employment
|x Law and legislation
|z United States.
|
| 710 |
1 |
|
|a United States.
|b Women's Bureau.
|
| 856 |
4 |
1 |
|u https://purl.fdlp.gov/GPO/LPS1750
|t 0
|
| 999 |
|
|
|a MARS
|
| 999 |
f |
f |
|i 72bae032-f7bb-3d61-8f49-06f05bfb23f2
|s 29ff8abd-b100-3052-b2c9-bb141d74c77b
|t 0
|
| 952 |
f |
f |
|p normal
|a Texas A&M University
|b College Station
|c Sterling C. Evans Library
|d Evans: US Documents (Annex 5th floor)
|t 0
|e L 36.102:EQ 2/3
|h Superintendent of Documents classification
|i unmediated -- volume
|m A14820684172
|
| 952 |
f |
f |
|a Texas A&M University
|b College Station
|c Electronic Resources
|d Available Online
|t 0
|e L 36.102:EQ 2/3
|h Superintendent of Documents classification
|
| 998 |
f |
f |
|a L 36.102:EQ 2/3
|t 0
|l Evans: US Documents (Annex 5th floor)
|
| 998 |
f |
f |
|a L 36.102:EQ 2/3
|t 0
|l Available Online
|